| 000 | 005940000a22001810004500 | ||
|---|---|---|---|
| 003 | MACL | ||
| 005 | 20160121134752.0 | ||
| 008 | 160121b xxu||||| |||| 00| 0 eng d | ||
| 040 |
_aMACL _cmacl |
||
| 041 | _aHindi | ||
| 082 | _a170/MIS | ||
| 100 |
_aमिश्र डॉ. सुनील चन्द्र _933811 |
||
| 245 | _aनीतिशास्त्र पाश्चात्य एवं भारतीय | ||
| 260 |
_bभवन प्रिण्टर्स _c2002 _aआगरा |
||
| 350 | _a80 | ||
| 650 |
_aEthics _933916 |
||
| 942 |
_cHIN _k170/MIS _2ddc |
||
| 999 |
_c30916 _d30916 |
||